<?xml version="1.0" encoding="UTF-8"?><?xml-stylesheet type="text/xsl" href="static/style.xsl"?><OAI-PMH xmlns="http://www.openarchives.org/OAI/2.0/" xmlns:xsi="http://www.w3.org/2001/XMLSchema-instance" xsi:schemaLocation="http://www.openarchives.org/OAI/2.0/ http://www.openarchives.org/OAI/2.0/OAI-PMH.xsd"><responseDate>2026-04-17T02:39:06Z</responseDate><request verb="GetRecord" identifier="oai:www.recercat.cat:2117/180969" metadataPrefix="marc">https://recercat.cat/oai/request</request><GetRecord><record><header><identifier>oai:recercat.cat:2117/180969</identifier><datestamp>2025-07-23T06:39:59Z</datestamp><setSpec>com_2072_1033</setSpec><setSpec>col_2072_452951</setSpec></header><metadata><record xmlns="http://www.loc.gov/MARC21/slim" xmlns:dcterms="http://purl.org/dc/terms/" xmlns:xsi="http://www.w3.org/2001/XMLSchema-instance" xmlns:doc="http://www.lyncode.com/xoai" xsi:schemaLocation="http://www.loc.gov/MARC21/slim http://www.loc.gov/standards/marcxml/schema/MARC21slim.xsd">
   <leader>00925njm 22002777a 4500</leader>
   <datafield ind2=" " ind1=" " tag="042">
      <subfield code="a">dc</subfield>
   </datafield>
   <datafield ind2=" " ind1=" " tag="720">
      <subfield code="a">Roca Martínez, Clara</subfield>
      <subfield code="e">author</subfield>
   </datafield>
   <datafield ind2=" " ind1=" " tag="260">
      <subfield code="c">2017-01-26</subfield>
   </datafield>
   <datafield ind2=" " ind1=" " tag="520">
      <subfield code="a">El seguiment dels moviments oculars és un procés per mesurar la posició i moviments dels ulls quan es realitza una acció determinada. S’utilitza en àmbits tan diferents com la psicologia, la logopèdia, el disseny de productes, el màrqueting i també en la investigació sobre el sistema visual.&#xd;
Fins a començaments del segle XX, els estudis dels moviments oculars es realitzaven mitjançant la observació directa. Avui en dia però, i des de fa un centenar d’anys, s’utilitzen aparells especialment dissenyats per a mesurar el moviment dels ulls, un d’ells n’és el Visagraph, pensat específicament per al seguiment dels ulls durant la lectura.&#xd;
En aquest estudi, però, he volgut utilitzar el Visagraph per estudiar els moviments oculars horitzontals voluntaris, presentant un estímul a l’observador.&#xd;
He volgut determinar si existeix algun tipus de relació entre la caracterització dels moviments i l’edat de l’observador, l’amplitud dels moviments, el contrast entre l’estímul i el fons, la durada de presentació de cada estímul i el fet de conèixer o no la posició de l’estímul prèviament a l’aparició d’aquest.&#xd;
S’ha determinat que ni l’edat, ni el contrast, ni la durada tenen un repercussió directa amb la caracterització dels moviments; sí que hi influeix, en canvi, el fet de conèixer, amb anterioritat, la posició on apareixerà l’estímul.</subfield>
   </datafield>
   <datafield tag="653" ind2=" " ind1=" ">
      <subfield code="a">Àrees temàtiques de la UPC::Ciències de la visió::Optometria</subfield>
   </datafield>
   <datafield tag="653" ind2=" " ind1=" ">
      <subfield code="a">Eye -- Movements</subfield>
   </datafield>
   <datafield tag="653" ind2=" " ind1=" ">
      <subfield code="a">Ulls -- Moviments</subfield>
   </datafield>
   <datafield ind2="0" ind1="0" tag="245">
      <subfield code="a">Caracterització de moviments oculars horitzontals</subfield>
   </datafield>
</record></metadata></record></GetRecord></OAI-PMH>